[Event "2nd Golders Green U1900 Apr 2014"]
[Site "Golders Green"]
[Date "2014.04.19"]
[Round "1"]
[White "Bynnersley, Tony"]
[Black "Carter, John"]
[Result "0-1"]
[WhiteElo "1549"]
[BlackElo "1755"]
[EventType "swiss"]
[EventRounds "6"]

1. d4 d5 2. c4 e6 3. Nc3 Nf6 4. Nf3 Bb4 5. Bg5 dxc4 6. e4 c5 7. Bxc4 cxd4 8.
Bxf6 Qxf6 9. Qxd4 Nd7 10. Bb5 Qxd4 11. Nxd4 O-O 12. O-O Nc5 13. f3 a6 14. Be2
b5 15. Nc6 Bxc3 16. bxc3 Bd7 17. Ne5 Be8 18. c4 f6 19. Ng4 b4 20. Rfd1 Ba4 21.
Rd2 Rfd8 22. Rb2 a5 23. Nf2 Rd7 24. Kf1 Rad8 25. Ke1 Kf8 26. Rc1 Ke7 27. Ra1
Bc6 28. a3 b3 29. Rd1 Rxd1+ 30. Bxd1 a4 31. Be2 e5 32. Bf1 Ne6 33. Nd1 Nd4 34.
Ne3 g6 35. g4 Nxf3+ 36. Kf2 Bxe4 {#R} 0-1

[Event "2nd Golders Green U1900 Apr 2014"]
[Site "Golders Green"]
[Date "2014.04.19"]
[Round "1"]
[White "Rocco, Federico"]
[Black "Hirjee, Shezan"]
[Result "1-0"]
[WhiteElo "1750"]
[BlackElo "1540"]
[EventType "swiss"]
[EventRounds "6"]

1. e4 c5 2. Nc3 g6 3. g3 Bg7 4. Bg2 Nc6 5. Nge2 Nf6 6. O-O O-O 7. d3 Rb8 8.
Be3 d6 9. f4 b5 10. e5 Ng4 11. Qd2 Nxe3 12. Qxe3 b4 13. Bxc6 bxc3 14. bxc3 Rb6
15. Bg2 Qd7 16. d4 cxd4 17. cxd4 Ba6 18. Rfb1 Rfb8 19. Nc3 dxe5 20. fxe5 Rxb1+
21. Rxb1 Rxb1+ 22. Nxb1 Bb7 23. Nc3 Bh6 24. Qd3 Bxg2 25. Kxg2 Qb7+ 26. d5 e6
27. Qe4 exd5 28. Qxd5 Qxd5+ 29. Nxd5 Bg7 30. Nf6+ Bxf6 31. exf6 Kf8 32. Kf3
Ke8 33. Ke4 Kd7 34. Kd5 h6 35. c4 Kc7 36. c5 Kd7 37. c6+ Kc7 38. Kc5 a5 39.
Kb5 a4 40. a3 g5 41. g4 Kd6 42. Kb6 {#r} 1-0

[Event "2nd Golders Green U1900 Apr 2014"]
[Site "Golders Green"]
[Date "2014.04.19"]
[Round "1"]
[White "Balouka Myers, Reuben"]
[Black "Davies, Cledwyn"]
[Result "1-0"]
[WhiteElo "1534"]
[BlackElo "1728"]
[EventType "swiss"]
[EventRounds "6"]

1. e4 d5 2. exd5 Qxd5 3. Nc3 Qd8 4. Nf3 Bg4 5. Bc4 e6 6. d3 Nf6 7. Bg5 Be7 8.
h3 Bh5 9. O-O Nbd7 10. Qe2 O-O 11. Rfe1 Re8 12. Ne4 c6 13. Bf4 Nb6 14. Bb3
Nbd5 15. Bxd5 Nxd5 16. Bg3 Qb6 17. Rab1 Rad8 18. a3 Rd7 19. Ned2 Bf6 20. Nb3
c5 21. Kh1 e5 22. Nbd2 Rde7 23. Nc4 Qd8 24. Ne3 e4 25. Nxd5 Qxd5 26. dxe4 Rxe4
27. Qf1 Bxf3 28. gxf3 Rxe1 29. Rxe1 Qxf3+ 30. Kh2 Rxe1 31. Qxe1 g6 32. Qe8+
Kg7 33. Qb8 Bxb2 34. Bd6 Qxf2+ 35. Kh1 Bd4 36. Bf8+ Kf6 37. Qd6+ Kf5 38. Qd5+
Be5 39. Qxf7+ Ke4 40. Qxf2 {#r} 1-0

[Event "2nd Golders Green U1900 Apr 2014"]
[Site "Golders Green"]
[Date "2014.04.19"]
[Round "1"]
[White "Jina, Taran"]
[Black "Gladstone, Joel"]
[Result "1-0"]
[WhiteElo "1724"]
[BlackElo "1450"]
[EventType "swiss"]
[EventRounds "6"]

1. e4 c6 2. d4 d5 3. exd5 cxd5 4. Bd3 h6 5. c3 e6 6. Bf4 Nf6 7. Nf3 Nc6 8.
Nbd2 Nh5 9. Be5 Nxe5 10. Nxe5 Nf6 11. Qf3 Be7 12. Bb5+ Kf8 13. O-O a6 14. Bd3
Qc7 15. Qg3 Bd6 16. f4 b5 17. Rae1 Rg8 18. Qf3 Ke7 19. f5 Kd8 20. Qg3 exf5 21.
Nxf7+ Qxf7 22. Qxd6+ Qd7 23. Qxd7+ Bxd7 24. Bxf5 Bxf5 25. Rxf5 Ra7 26. Nf3 Re8
27. Rxe8+ Kxe8 28. Re5+ Kf7 29. h3 Re7 30. Kf1 Rxe5 31. Nxe5+ Ke6 32. Nd3 Ne4
33. Nc5+ Kd6 34. Nxa6 Nd2+ 35. Ke2 Nc4 36. b3 Nb6 37. Nc5 Ke7 38. Kf3 g5 39.
Kg4 Kf6 40. Kh5 Kg7 41. Ne6+ Kf6 42. Nc7 Kf5 43. g3 Ke4 44. Kxh6 b4 45. cxb4
g4 46. hxg4 Kxd4 47. a4 Ke5 48. a5 d4 49. axb6 d3 50. Nb5 d2 51. Nc3 Kd4 52.
Nd1 {#r} 1-0

[Event "2nd Golders Green U1900 Apr 2014"]
[Site "Golders Green"]
[Date "2014.04.19"]
[Round "1"]
[White "Chauhan, Pranay"]
[Black "Rogal, Christopher"]
[Result "1/2-1/2"]
[WhiteElo "1503"]
[BlackElo "1704"]
[EventType "swiss"]
[EventRounds "6"]

1. d4 g6 2. e4 d6 3. Nf3 Bg7 4. c3 Nf6 5. Bd3 O-O 6. h3 Nbd7 7. Bf4 c5 8. Nbd2
cxd4 9. cxd4 a6 10. Qe2 b5 11. O-O Bb7 12. a3 Qb6 13. e5 dxe5 14. dxe5 Nd5 15.
Bh2 e6 16. Ne4 Ne7 17. Rfd1 Rfd8 18. Rac1 Nc6 19. Nd6 Ndxe5 20. Nxb7 Rxd3 21.
Nxe5 Rxd1+ 22. Rxd1 Nxe5 23. Nd6 Nc4 24. Nxf7 Rf8 25. Ng5 Nxb2 26. Rd6 Qc5 27.
Qxe6+ Kh8 28. Nf3 Qc1+ 29. Ne1 Nc4 30. Rd7 Ne5 31. Qxe5 Bxe5 32. Bxe5+ Rf6 33.
Bxf6+ Kg8 34. Re7 Qxa3 35. Rg7+ Kf8 36. Kf1 b4 37. Rxh7 a5 38. Rb7 b3 39. Nd3
a4 40. Ra7 Qd6 41. Ra8+ Kf7 42. Ke2 Kxf6 43. Rxa4 Qc6 44. Rb4 Qc2+ 45. Ke3 Qc3
46. Rb6+ Kg7 47. Rb7+ Kh6 48. Rb5 Qc4 49. Rb6 Qc3 50. Rb5 {#d} 1/2-1/2

[Event "2nd Golders Green U1900 Apr 2014"]
[Site "Golders Green"]
[Date "2014.04.19"]
[Round "1"]
[White "Sloan, Cecil"]
[Black "Jina, Asha"]
[Result "1/2-1/2"]
[WhiteElo "1691"]
[BlackElo "1528"]
[EventType "swiss"]
[EventRounds "6"]

1. e4 e5 2. Nf3 Nc6 3. d4 exd4 4. Bc4 Nf6 5. e5 d5 6. Bb5 Ne4 7. Nxd4 Bd7 8.
Bxc6 bxc6 9. O-O Bc5 10. f3 Ng5 11. f4 Ne4 12. Be3 O-O 13. Nd2 Nxd2 14. Qxd2
Rb8 15. c3 Qh4 16. b4 Bb6 17. Nf3 Qg4 18. Bxb6 cxb6 19. a4 Rfd8 20. a5 Ra8 21.
axb6 axb6 22. Qd4 Rdb8 23. Nd2 Rxa1 24. Rxa1 h6 25. Qf2 Qf5 26. g3 Qd3 {#d}
1/2-1/2

[Event "2nd Golders Green U1900 Apr 2014"]
[Site "Golders Green"]
[Date "2014.04.19"]
[Round "1"]
[White "Ogah, Adah Simon"]
[Black "Smith, Gary P"]
[Result "0-1"]
[WhiteElo "1200"]
[BlackElo "1690"]
[EventType "swiss"]
[EventRounds "6"]

1. e4 e6 2. Nc3 d5 3. exd5 exd5 4. Nf3 Nf6 5. d4 c5 6. Bb5+ Nc6 7. dxc5 Bxc5
8. Bg5 Be6 9. Ne5 O-O 10. Nxc6 bxc6 11. Bxc6 Bxf2+ 12. Kf1 Rc8 13. Bxd5 Bb6
14. Qf3 Rxc3 15. bxc3 Qxd5 16. Bxf6 Qxf3+ 17. gxf3 gxf6 18. Kg2 Rd8 19. Rhd1
Rxd1 20. Rxd1 Bxa2 21. Rd6 Be6 22. h4 Kg7 23. f4 Kg6 24. Kg3 h5 25. Rd1 Bf5
26. Rd2 Ba5 27. Re2 Bxc3 28. Re8 a5 29. Ra8 Bxc2 30. Kf2 Bb4 31. Ke2 Kf5 32.
Rh8 Kg4 33. Rg8+ Kxf4 34. Rg2 Bb3 35. Rg1 a4 36. Kd3 Ke5 37. Rb1 f5 38. Rg1 f6
39. Rg6 a3 40. Rg1 a2 41. Ra1 f4 42. Rf1 f5 43. Ra1 f3 44. Rf1 Kf4 45. Ra1 f2
46. Ke2 Bc3 47. Rxa2 Bxa2 48. Kxf2 Kg4 49. Kg2 f4 50. Kh2 f3 51. Kg1 Bd4+ 52.
Kh2 f2 53. Kg2 Bd5+ 54. Kh2 Be5# 0-1

[Event "2nd Golders Green U1900 Apr 2014"]
[Site "Golders Green"]
[Date "2014.04.19"]
[Round "2"]
[White "Jina, Taran"]
[Black "McCabe, Shane"]
[Result "0-1"]
[WhiteElo "1724"]
[BlackElo "1898"]
[EventType "swiss"]
[EventRounds "6"]

1. e4 c6 2. d4 d5 3. exd5 cxd5 4. Bd3 Nc6 5. c3 Qc7 6. Ne2 e6 7. Bf4 Bd6 8.
Bxd6 Qxd6 9. O-O Nf6 10. Nd2 Bd7 11. h3 Rc8 12. f4 Na5 13. Nf3 Nc4 14. Qc1 Qc7
15. Ne5 Nd6 16. Ng3 O-O 17. a4 Qd8 18. Qd1 Nc4 19. Qe2 Nd6 20. Qc2 Rc7 21. Qe2
Qe8 22. Qc2 Nc4 23. Bxc4 dxc4 24. Rfe1 Qc8 25. Ne4 Nxe4 26. Qxe4 Bc6 27. Nxc6
Rxc6 28. Kh2 g6 29. Qe5 Rd8 30. Qe4 Rd5 31. Qc2 Qc7 32. g3 Rb6 33. Re5 Qd7 34.
Ra2 f6 35. Rxd5 Qxd5 36. Qg2 Qf5 37. a5 Rb3 38. a6 Qb1 39. Qxb7 Qxa2 40. Qa8+
Kg7 41. Qxa7+ Kh6 42. g4 Qxb2+ 43. Kg1 Qc1+ 44. Kf2 Qxf4+ 45. Ke1 Qe3+ 46. Kf1
Rb1+ 47. Kg2 Rb2+ 48. Kh1 Qxh3+ 49. Kg1 Qg2# 0-1

[Event "2nd Golders Green U1900 Apr 2014"]
[Site "Golders Green"]
[Date "2014.04.19"]
[Round "2"]
[White "Joslin, Tim"]
[Black "Karel, Ayse"]
[Result "1-0"]
[WhiteElo "1835"]
[BlackElo "1600"]
[EventType "swiss"]
[EventRounds "6"]

1. e4 d5 2. exd5 Nf6 3. d4 Nxd5 4. Nf3 Bg4 5. Be2 g6 6. h3 Bxf3 7. Bxf3 c6 8.
O-O Bg7 9. Re1 O-O 10. Nc3 Nxc3 11. bxc3 e6 12. Ba3 Re8 13. Rb1 b6 14. Qd3 Qc7
15. Qe4 Rc8 16. c4 Nd7 17. Rbd1 Rab8 18. Bc1 e5 19. c3 f5 20. Qh4 Re8 21. Qg3
Rbc8 22. h4 Nf8 23. h5 f4 24. Qh3 Ne6 25. hxg6 Ng5 26. gxh7+ Kh8 27. Qh5 Nxf3+
28. Qxf3 Kxh7 29. Qh5+ Kg8 30. Bxf4 Qf7 31. Qxf7+ Kxf7 32. Bxe5 Bf6 33. Re3
Re6 34. Rf3 Kg6 35. Rxf6+ Rxf6 36. Bxf6 Kxf6 37. Re1 Rc7 38. g3 a6 39. Kg2 Rd7
40. f4 Rd6 41. Kf3 b5 42. c5 Rd8 43. Re4 a5 44. a3 b4 45. cxb4 axb4 46. axb4
Ra8 47. g4 Ra3+ 48. Re3 Ra4 49. g5+ Kf7 50. f5 Rxb4 51. Ke4 Rb1 52. Ke5 Rb8
53. g6+ Kg7 54. Kf4 Rb4 55. Re4 Rb1 56. Ke5 Rb8 57. Kd6 Kf6 58. Kc7 Rg8 59.
Rf4 Rg7+ 60. Kxc6 Ra7 61. Kb6 Rd7 62. c6 Rd5 63. c7 Rd6+ 64. Kc5 Ra6 65. c8=Q
Ra5+ 66. Kd6 Kg5 67. Rf1 {#r} 1-0

[Event "2nd Golders Green U1900 Apr 2014"]
[Site "Golders Green"]
[Date "2014.04.19"]
[Round "2"]
[White "Smith, Gary P"]
[Black "Clegg, Chris RA"]
[Result "1/2-1/2"]
[WhiteElo "1690"]
[BlackElo "1799"]
[EventType "swiss"]
[EventRounds "6"]

1. e4 e6 2. d4 d5 3. exd5 exd5 4. Bd3 Bd6 5. Nf3 Nf6 6. O-O O-O 7. Bg5 Bg4 8.
Nbd2 Nbd7 9. c3 c6 10. Qc2 Qc7 11. Rfe1 Rfe8 12. a4 h6 13. Bh4 Rxe1+ 14. Rxe1
Re8 15. Rxe8+ Nxe8 16. Bg3 Bxg3 17. hxg3 Nef6 18. Nf1 Bxf3 19. gxf3 Nf8 20.
Qe2 g6 {#d} 1/2-1/2

[Event "2nd Golders Green U1900 Apr 2014"]
[Site "Golders Green"]
[Date "2014.04.19"]
[Round "2"]
[White "Pollack, Oscar"]
[Black "Hewitt, Robert"]
[Result "0-1"]
[WhiteElo "1675"]
[BlackElo "1765"]
[EventType "swiss"]
[EventRounds "6"]

1. Nf3 d5 2. g3 Nc6 3. c4 d4 4. d3 e5 5. Bg2 Nf6 6. Nbd2 Bd6 7. O-O O-O 8. Ng5
Bd7 9. Nde4 Nxe4 10. Nxe4 Be7 11. h4 Rb8 12. f4 h5 13. e3 dxe3 14. Qxh5 g6 15.
Qe2 Nd4 16. Qxe3 Nc2 17. Qf3 Nxa1 18. fxe5 Be6 19. Nf6+ Bxf6 20. exf6 Nc2 21.
Bh6 Re8 22. Bg7 Qd4+ 23. Kh2 Ne3 24. Qe2 Nxf1+ 25. Qxf1 Bg4 26. Be4 Qxb2+ 27.
Kh1 Qd2 28. h5 Bxh5 29. Qh3 Rxe4 30. dxe4 Bf3+ 31. Kg1 Qe1+ 32. Qf1 Qxg3+ 33.
Qg2 Qxg2# 0-1

[Event "2nd Golders Green U1900 Apr 2014"]
[Site "Golders Green"]
[Date "2014.04.19"]
[Round "2"]
[White "Carter, John"]
[Black "Ritchie, Paul"]
[Result "1-0"]
[WhiteElo "1755"]
[BlackElo "1570"]
[EventType "swiss"]
[EventRounds "6"]

1. e4 c5 2. Nf3 d6 3. d4 cxd4 4. Nxd4 Nf6 5. Nc3 Nc6 6. Bg5 Bd7 7. Qd2 a6 8.
O-O-O Rc8 9. f4 Qb6 10. Nf3 Nb4 11. Kb1 Rxc3 12. Qxc3 Nxe4 13. Qd4 Nc5 14. Bc4
Bf5 15. Rd2 Nc6 16. Qe3 Na5 17. Bd5 f6 18. Bh4 e6 19. Re1 Kf7 20. Nd4 Ne4 21.
Bxe6+ Bxe6 22. Qxe4 Qb4 23. Qxe6+ Kg6 24. f5+ Kh6 25. Qe3+ Kh5 26. g4+ Kxh4
27. Qg3+ {#r} 1-0

[Event "2nd Golders Green U1900 Apr 2014"]
[Site "Golders Green"]
[Date "2014.04.19"]
[Round "2"]
[White "Mitchell, Robert"]
[Black "Rocco, Federico"]
[Result "1/2-1/2"]
[WhiteElo "1640"]
[BlackElo "1750"]
[EventType "swiss"]
[EventRounds "6"]

1. d4 Nf6 2. Nf3 e6 3. c4 b6 4. g3 Bb7 5. Bg2 Be7 6. O-O O-O 7. Nc3 Ne4 8. Qc2
Nxc3 9. Qxc3 f5 10. Bf4 d6 11. Rad1 Nd7 12. Rfe1 Bf6 13. Qc1 Qe8 14. Bg5 e5
15. Bxf6 Rxf6 16. d5 a5 17. Ng5 Nc5 18. Qc2 h6 19. Nf3 Bc8 20. Nd2 Bd7 21. b3
Qh5 22. Qc3 f4 23. Ne4 Nxe4 24. Bxe4 Bg4 25. Qd3 f3 26. exf3 Bxf3 27. Rd2 Raf8
28. Bxf3 Rxf3 29. Re3 g5 30. Rxf3 Rxf3 31. Qf1 g4 32. Re2 Qf5 33. Re3 Kf7 34.
Qe2 Rxe3 35. fxe3 e4 36. Qf2 Qf3 37. Qd2 Qf5 38. Qf2 Qf3 39. Qd2 h5 40. Qe1
Kg6 41. Qf2 Qd1+ 42. Kg2 h4 43. gxh4 Qf3+ 44. Kg1 Kh5 45. Qe1 Qf6 46. Qf2 Qe5
47. Kg2 Kg6 48. Qg3 Qb2+ 49. Qf2 Qe5 50. Qg3 Qb2+ 51. Qf2 Qe5 {#d} 1/2-1/2

[Event "2nd Golders Green U1900 Apr 2014"]
[Site "Golders Green"]
[Date "2014.04.19"]
[Round "2"]
[White "Healeas, Simon"]
[Black "Balouka Myers, Reuben"]
[Result "1-0"]
[WhiteElo "1814"]
[BlackElo "1534"]
[EventType "swiss"]
[EventRounds "6"]

1. d4 f5 2. Nc3 g6 3. e4 fxe4 4. Nxe4 d6 5. Nf3 Bf5 6. Ng3 Bg4 7. h3 Bxf3 8.
Qxf3 d5 9. c4 Nf6 10. Bg5 c6 11. Qb3 Qd7 12. Bd3 Bg7 13. O-O O-O 14. Rae1 Kh8
15. a4 dxc4 16. Bxc4 Qc7 17. Qb4 h6 18. Rxe7 Qd8 19. Bc1 Qxd4 20. Rxg7 c5 21.
Qxb7 {#r} 1-0

[Event "2nd Golders Green U1900 Apr 2014"]
[Site "Golders Green"]
[Date "2014.04.19"]
[Round "2"]
[White "Jina, Asha"]
[Black "Parry, Jacques"]
[Result "0-1"]
[WhiteElo "1528"]
[BlackElo "1759"]
[EventType "swiss"]
[EventRounds "6"]

1. e4 c5 2. Nc3 a6 3. f4 b5 4. Nf3 Bb7 5. Be2 b4 6. Na4 Qa5 7. b3 Bxe4 8. O-O
Nf6 9. Nb2 e6 10. Nc4 Qc7 11. d3 Bb7 12. Qd2 Nc6 13. Bb2 d5 14. Nce5 Nd7 15.
Rae1 Ndxe5 16. Nxe5 Nxe5 17. Bxe5 Qd7 18. f5 O-O-O 19. fxe6 fxe6 20. Bg4 Re8
21. Bg3 Bd6 22. Qe3 Bxg3 23. Qxc5+ Bc7 24. Qxb4 Qd6 25. Qxd6 Bxd6 26. Bxe6+
Kd8 27. Rf7 Re7 28. Rxe7 Bxe7 29. Re5 Bc5+ 30. Kf1 Rf8+ 31. Ke1 Re8 32. Re2
Kc7 33. Bg4 Rxe2+ 34. Bxe2 Bg1 35. h3 d4 36. Bf3 Bxf3 37. gxf3 Be3 38. Ke2 Bc1
39. Kf2 g5 40. Kg3 Kd6 41. Kg4 Kc5 42. Kf5 Kb4 43. Ke4 Be3 44. a4 a5 45. Kd5
Kc3 46. Kc5 Kxc2 47. Kc4 Bd2 48. Kxd4 Kxb3 49. Ke5 Kxa4 {#R} 0-1

[Event "2nd Golders Green U1900 Apr 2014"]
[Site "Golders Green"]
[Date "2014.04.19"]
[Round "2"]
[White "Rogal, Christopher"]
[Black "Onslow, Alfie"]
[Result "1-0"]
[WhiteElo "1704"]
[BlackElo "1638"]
[EventType "swiss"]
[EventRounds "6"]

1. d4 Nf6 2. Bg5 e6 3. e3 d5 4. Bd3 Be7 5. Nd2 c6 6. f4 h6 7. Bh4 Nbd7 8. Ngf3
Ng4 9. Bxe7 Qxe7 10. Qe2 b6 11. h3 Ngf6 12. O-O Bb7 13. Ne5 O-O-O 14. c4 Kc7
15. cxd5 exd5 16. Rfc1 g5 17. a4 gxf4 18. exf4 Rhg8 19. a5 Nxe5 20. axb6+ axb6
21. fxe5 Nd7 22. Ra7 Qh4 23. Nf3 Qxh3 24. Ba6 Rb8 25. Bb5 Rg6 26. Bxc6 Nc5 27.
dxc5 Kxc6 28. Nd4+ Kc7 29. c6 Rxg2+ 30. Qxg2 Qe3+ 31. Kh2 Qxc1 32. Qf2 f6 33.
exf6 Qd1 34. Qf4+ Kc8 35. Qf5+ Kc7 36. Qd7# 1-0

[Event "2nd Golders Green U1900 Apr 2014"]
[Site "Golders Green"]
[Date "2014.04.19"]
[Round "2"]
[White "Onslow, Teddy"]
[Black "Sloan, Cecil"]
[Result "0-1"]
[WhiteElo "1248"]
[BlackElo "1691"]
[EventType "swiss"]
[EventRounds "6"]

1. d4 Nf6 2. c4 e6 3. Nc3 Bb4 4. Qc2 Nc6 5. Nf3 O-O 6. Bf4 d6 7. h3 Qe7 8. e3
e5 9. dxe5 dxe5 10. Bh2 Rd8 11. a3 Bxc3+ 12. Qxc3 e4 13. Nd4 Nxd4 14. exd4 Bf5
15. O-O-O c6 16. Be2 Rac8 17. Qa5 b5 18. cxb5 cxb5+ 19. Kb1 e3+ 20. Ka1 exf2
21. Bxb5 Be4 22. Rhf1 Bxg2 23. Rxf2 Bxh3 24. Re2 Be6 25. Qa4 Nd5 26. Ba6 Nb6
27. Qb5 Rd5 28. Qd3 Rcd8 29. Qc3 Qd7 30. Bc7 Rxd4 31. Rxd4 Qxd4 32. Bxd8 Qd1+
{#R} 0-1

[Event "2nd Golders Green U1900 Apr 2014"]
[Site "Golders Green"]
[Date "2014.04.19"]
[Round "2"]
[White "O'Caolaidhe, Cormac"]
[Black "Chauhan, Pranay"]
[Result "1-0"]
[WhiteElo "1555"]
[BlackElo "1503"]
[EventType "swiss"]
[EventRounds "6"]

1. d4 e6 2. c4 Nf6 3. Nc3 Bb4 4. Bd2 b6 5. a3 Bxc3 6. Bxc3 Bb7 7. e3 O-O 8.
Nf3 Ne4 9. Be2 d6 10. O-O Nd7 11. Nd2 f5 12. Nxe4 fxe4 13. f3 Nf6 14. f4 Qe8
15. Be1 e5 16. fxe5 dxe5 17. d5 Qg6 18. Bh4 Qh6 19. Bxf6 Qxe3+ 20. Kh1 Rxf6
21. Rxf6 gxf6 22. Bg4 Kh8 23. Be6 Qd3 24. Qh5 Kg7 25. Qf7+ Kh6 26. Qxf6+ Kh5
27. Rf1 Qe2 28. Rf5+ Kg4 29. Qg5# 1-0

[Event "2nd Golders Green U1900 Apr 2014"]
[Site "Golders Green"]
[Date "2014.04.19"]
[Round "2"]
[White "Willmoth, Harrison"]
[Black "Finnegan, Oliver"]
[Result "0-1"]
[WhiteElo "1623"]
[BlackElo "1818"]
[EventType "swiss"]
[EventRounds "6"]

1. e4 e6 2. d3 d5 3. Nd2 Nf6 4. Ngf3 c5 5. g3 Nc6 6. Bg2 dxe4 7. dxe4 e5 8.
O-O Be7 9. Re1 O-O 10. c3 Be6 11. Qe2 Qc7 12. Nf1 Rad8 13. Bg5 Ng4 14. Bxe7
Nxe7 15. h3 Nf6 16. Rad1 a6 17. a3 Bb3 18. Rxd8 Rxd8 19. N1d2 Be6 20. Nc4 Nc6
21. Ncd2 h6 22. Nf1 b5 23. Nh4 Ne7 24. Qe3 c4 25. g4 Rd3 26. Qe2 Nd7 27. Nf5
Ng6 28. N1g3 Nf4 29. Qc2 Nc5 30. Rd1 Qd8 31. Rxd3 cxd3 32. Qd2 Nb3 33. Qd1 d2
34. Ne3 Nc5 35. Ngf1 Nb3 36. Nh2 Qd3 37. Bf1 Qxe4 38. Nf3 Bd5 39. Nxd5 Qxd5
40. Bg2 Nxg2 41. Kxg2 e4 42. Ng1 e3+ 43. Kf1 Qd3+ 44. Ne2 Nc1 {#R} 0-1

[Event "2nd Golders Green U1900 Apr 2014"]
[Site "Golders Green"]
[Date "2014.04.19"]
[Round "2"]
[White "Kazmierczak, Milosz"]
[Black "Balouka Myers, Gabriel"]
[Result "1/2-1/2"]
[WhiteElo "1790"]
[BlackElo "1572"]
[EventType "swiss"]
[EventRounds "6"]

1. d4 d5 2. Nf3 Nf6 3. Bf4 Bf5 4. e3 e6 5. Bd3 Bg6 6. Ne5 Nbd7 7. Bxg6 hxg6 8.
Nd2 c5 9. c3 Qb6 10. dxc5 Nxc5 11. Nb3 Nxb3 12. axb3 Be7 13. h3 a6 14. b4 O-O
15. O-O Rac8 16. Qd3 Rfd8 17. Rfd1 Ne4 18. f3 Nd6 19. Qd4 Qxd4 20. exd4 Nc4
21. Nd3 Rc6 22. b3 Nd6 23. Nc5 b6 24. Rxa6 Rdc8 25. Na4 Nb5 26. Nxb6 Rd8 27.
c4 Nc3 28. Rd2 dxc4 29. bxc4 Bxb4 30. d5 Bc5+ 31. Kh2 Rxb6 32. Rxb6 Bxb6 33.
d6 f6 34. Bg3 e5 35. Rc2 Bd4 36. c5 Kf7 37. Be1 Bxc5 {#d} 1/2-1/2

[Event "2nd Golders Green U1900 Apr 2014"]
[Site "Golders Green"]
[Date "2014.04.19"]
[Round "2"]
[White "Selvarattinam, Gengadharan"]
[Black "Bynnersley, Tony"]
[Result "1/2-1/2"]
[WhiteElo "1761"]
[BlackElo "1549"]
[EventType "swiss"]
[EventRounds "6"]

1. e4 c5 2. Nf3 d6 3. d4 cxd4 4. Qxd4 Nc6 5. Bb5 Bd7 6. Bxc6 Bxc6 7. Nc3 Nf6
8. Bg5 e5 9. Bxf6 Qxf6 10. Qd2 Be7 11. Nd5 Bxd5 12. Qxd5 O-O 13. O-O b6 14. a4
Rac8 15. c3 a5 16. Rfc1 Rc5 17. Qb7 Rfc8 18. Qxb6 Bd8 19. Qb3 Qf4 20. Re1 Rc4
21. Qb5 g6 22. Qd7 Qf6 23. Red1 Be7 24. Rd5 R8c7 25. Qe8+ Kg7 26. Rxa5 Rxe4
27. Ra8 Qf4 28. Qh8+ Kh6 29. Re8 Bf6 30. Qf8+ Bg7 31. Qxd6 Rcc4 32. a5 Re2 33.
Qb6 Rc2 34. Rf1 Rc1 35. Qe3 Rxf1+ 36. Kxf1 Ra4 37. Qxf4+ exf4 38. Ra8 Ra1+ 39.
Ne1 Rb1 40. a6 Rxb2 41. Rc8 Ra2 42. Rc6 Bxc3 43. Rxc3 Rxa6 44. Nd3 g5 45. Ne5
f6 46. Rc6 Ra1+ 47. Ke2 Kg7 48. Rc7+ Kh6 49. Nf7+ Kg6 50. h3 Ra2+ 51. Kf3 Ra3+
52. Ke4 Ra4+ 53. Kd3 Ra2 54. Nh8+ Kh6 55. g4 fxg3 56. fxg3 Ra3+ 57. Ke4 Rxg3
58. Nf7+ Kg6 59. Nd6 Rg1 60. Kf3 Rf1+ 61. Kg2 Rf4 62. Rc3 Rd4 63. Nb5 Rb4 64.
Rc5 h5 65. Nd6 Rf4 66. Nc8 Re4 67. Kf3 Re1 68. Rc2 Rf1+ 69. Kg2 Re1 70. Nb6
Re6 71. Nd5 Re5 72. Nb4 Re4 73. Nd3 Rd4 74. Nf2 Rf4 75. Rc5 Kg7 76. Kg3 Rd4
77. Rc3 Kg6 78. Re3 Kf7 79. Ne4 Kg6 80. Nf2 Kf7 81. Re4 Rd5 82. Rc4 Kg6 83.
Rc6 Rf5 84. Ne4 Rf1 85. Kg2 Rf5 86. Nd6 Rf4 87. Ne8 Kf7 88. Nc7 Kg6 89. Ne6
Rf5 90. Kg3 Rf1 91. Nf8+ Kf7 92. Rc8 Rf4 93. h4 Rxh4 94. Nd7 Rf4 95. Nb6 h4+
96. Kg2 Rd4 97. Rc7+ Kg6 98. Nd7 g4 99. Nf8+ Kf5 100. Rc5+ Ke4 101. Nh7 Rd2+
102. Kg1 f5 103. Ng5+ {#d} 1/2-1/2

[Event "2nd Golders Green U1900 Apr 2014"]
[Site "Golders Green"]
[Date "2014.04.19"]
[Round "2"]
[White "Davies, Cledwyn"]
[Black "Hirjee, Shezan"]
[Result "1-0"]
[WhiteElo "1728"]
[BlackElo "1540"]
[EventType "swiss"]
[EventRounds "6"]

1. e4 c5 2. Bc4 g6 3. d4 cxd4 4. Nf3 Bg7 5. O-O Nc6 6. c3 dxc3 7. Nxc3 Nf6 8.
e5 Ng4 9. Bxf7+ Kxf7 10. Ng5+ Ke8 11. Qxg4 d6 12. e6 Ne5 13. Qa4+ Kf8 14. Bf4
h6 15. Bxe5 hxg5 16. Bxg7+ Kxg7 17. Qd4+ Kh6 18. Qd5 Qb6 19. Ne4 Qxb2 20.
Qxg5+ Kh7 21. Qh4+ Kg7 22. Qxe7+ Kh6 23. Qh4+ Kg7 24. Qe7+ Kh6 25. Nxd6 Qb4
26. Nf7+ {#r} 1-0

[Event "2nd Golders Green U1900 Apr 2014"]
[Site "Golders Green"]
[Date "2014.04.19"]
[Round "2"]
[White "Lim, Peter Yu Chin"]
[Black "Gladstone, Joel"]
[Result "1-0"]
[WhiteElo "1651"]
[BlackElo "1450"]
[EventType "swiss"]
[EventRounds "6"]

1. e4 c5 2. Nf3 Nc6 3. d4 cxd4 4. Nxd4 a6 5. Nc3 e6 6. Be3 Bb4 7. Nxc6 Bxc3+
8. bxc3 bxc6 9. Qg4 Qf6 10. Bd4 e5 11. Be3 d5 12. Qg3 Ne7 13. Rd1 O-O 14. Bg5
Qe6 15. Bxe7 Qxe7 16. exd5 cxd5 17. Rxd5 Re8 18. Be2 Bb7 19. Rd1 Qc5 20. O-O
e4 21. Rd7 Bc6 22. Rc7 Ra7 23. Rxa7 Qxa7 24. Qd6 Re6 25. Qd8+ Re8 26. Qa5 e3
27. f3 Bb5 28. Re1 g6 29. Kh1 Qc5 30. c4 Qd4 31. Rd1 Qc5 32. cxb5 Qxc2 33. Qe1
axb5 34. Bxb5 e2 35. Ra1 Re5 36. a4 Qb2 37. Bxe2 Rxe2 38. Qf1 Rf2 39. Qc1 Rxg2
40. Qxb2 Rxb2 41. a5 Rb8 42. Kg2 f5 43. Kg3 Kf7 44. Kf4 Ke6 45. a6 h6 46. h4
Rb4+ 47. Kg3 Rb8 48. a7 Ra8 49. Kf4 Kf6 50. Ra6+ Kg7 51. Ke5 Kf7 52. f4 Ke8
53. Kf6 g5 54. hxg5 hxg5 55. Kxg5 Ke7 56. Kxf5 Kf7 57. Ke5 Re8+ 58. Kd5 Ra8
59. Kc6 {#r} 1-0

[Event "2nd Golders Green U1900 Apr 2014"]
[Site "Golders Green"]
[Date "2014.04.20"]
[Round "3"]
[White "McCabe, Shane"]
[Black "Carter, John"]
[Result "1-0"]
[WhiteElo "1898"]
[BlackElo "1755"]
[EventType "swiss"]
[EventRounds "6"]

1. d4 d5 2. Nf3 Nf6 3. Bg5 Ne4 4. Bf4 c5 5. e3 Qb6 6. Qc1 cxd4 7. exd4 Nc6 8.
c3 Bf5 9. Nbd2 Rc8 10. a3 Na5 11. Be2 e6 12. h3 g5 13. Be3 g4 14. hxg4 Bxg4
15. Qc2 Nxd2 16. Bxd2 Nb3 17. Rb1 Bxf3 18. Bxf3 Nxd4 19. Qa4+ Nc6 20. O-O Kd8
21. Bf4 e5 22. Bg5+ Be7 23. Be3 Bc5 24. Bxc5 Qxc5 25. Bxd5 f6 26. Be6 Rc7 27.
Rbd1+ Ke7 28. Qg4 Kf8 29. Qh4 Qe7 30. Qh3 Nd8 31. Bb3 Nf7 32. Rd2 Ng5 33. Qh6+
Ke8 34. Qh5+ Kf8 35. Rfd1 Qg7 36. Qg4 Nf7 37. Rd8+ Nxd8 38. Rxd8+ Ke7 39.
Qxg7+ Kxd8 40. Qxh8+ {#r} 1-0